Největší fotbalové hvězdy : neoficiální příběh. Cristiano Ronaldo /
Příběh o fenomenálním fotbalistovi, který je všeobecně považován za jednoho z nejlepších hráčů všech dob.
Uloženo v:
| Série: | Největší fotbalové hvězdy,
část |
|---|---|
| Hlavní autor: | |
| Další autoři: | |
| Médium: | E-kniha |
| Jazyk: | Czech |
| Vydáno: |
V Brně :
CPress,
2026
|
| Vydání: | 1. vydání |
| Témata: | |
| Příbuzné jednotky: | Z cyklu::
Největší fotbalové hvězdy |
| Tagy: |
Žádné tagy |
| LEADER | 03467nam a2200721 i 4500 | ||
|---|---|---|---|
| 001 | 312936 | ||
| 003 | CZ PrSKC | ||
| 005 | 20260601215731.0 | ||
| 007 | ta | ||
| 008 | 260409s2026 xr a b 000 jbcze | ||
| 015 | |a cnb003750505 | ||
| 020 | |a 9788026459330 |q (brožováno) : |c Kč 229,00 | ||
| 040 | |a ABG001 |b cze |d BOA001 |e rda | ||
| 041 | 1 | |a cze |h eng | |
| 043 | |a e-po--- | ||
| 045 | |a x8y2 | ||
| 072 | 7 | |a 821.111-3 |x Anglická próza, anglicky psaná |2 Konspekt | |
| 072 | 7 | |a 821-93 |x Literatura pro děti a mládež (beletrie) |2 Konspekt | |
| 080 | |a 821.111-32 |2 MRF | ||
| 080 | |a 821-93 |2 MRF | ||
| 080 | |a 796.332.071.2 |2 MRF | ||
| 080 | |a 796.332.056.24 |2 MRF | ||
| 080 | |a 796.332 |2 MRF | ||
| 080 | |a 929 |2 MRF | ||
| 080 | |a (469) |2 MRF | ||
| 080 | |a (0:82-322.6) |2 MRF | ||
| 100 | 1 | |a Paton, Luke |7 xx0344181 |4 aut | |
| 240 | 1 | 0 | |a Cristiano Ronaldo. |l Česky |
| 245 | 1 | 0 | |a Největší fotbalové hvězdy : |b neoficiální příběh. |p Cristiano Ronaldo / |c Luke Paton ; z anglického originálu Greatest football stars - Cristiano Ronaldo ... přeložil Zdeněk Kubík |
| 246 | 3 | 0 | |a Cristiano Ronaldo |
| 250 | |a 1. vydání | ||
| 264 | 1 | |a V Brně : |b CPress, |c 2026 | |
| 300 | |a 122 stran : |b ilustrace ; |c 20 cm | ||
| 336 | |a text |b txt |2 rdacontent | ||
| 337 | |a bez média |b n |2 rdamedia | ||
| 338 | |a svazek |b nc |2 rdacarrier | ||
| 520 | 2 | |a Příběh o fenomenálním fotbalistovi, který je všeobecně považován za jednoho z nejlepších hráčů všech dob. |b Cristiano Ronaldo je díky své brilantní technice a neutuchající vášni pro hru zbožňován miliony fotbalových fanoušků po celém světě. Jeho cesta na vrchol však vůbec nebyla snadná. Musel se potýkat s těžkými zraněními, neskutečně vysokými nároky i s nelítostným britským bulvárem. Nakladatelská anotace. Kráceno. | |
| 521 | 8 | |a Pro čtenáře od 7 let | |
| 600 | 1 | 7 | |a Ronaldo, Cristiano, |d 1985- |7 xx0161225 |2 czenas |
| 648 | 4 | |a 1985-2026 | |
| 648 | 7 | |a 20.-21. století |7 ch462155 |2 czenas | |
| 650 | 0 | 7 | |a fotbalisté |7 ph114579 |z Portugalsko |y 20.-21. století |2 czenas |
| 650 | 0 | 7 | |a fotbaloví útočníci |7 ph114582 |z Portugalsko |y 20.-21. století |2 czenas |
| 650 | 0 | 7 | |a fotbal |7 ph114578 |y 20.-21. století |2 czenas |
| 650 | 0 | 9 | |a soccer players |z Portugal |y 20th-21st centuries |2 eczenas |
| 650 | 0 | 9 | |a soccer attackers |z Portugal |y 20th-21st centuries |2 eczenas |
| 650 | 0 | 9 | |a soccer |y 20th-21st centuries |2 eczenas |
| 655 | 7 | |a anglické příběhy |7 fd131813 |2 czenas | |
| 655 | 7 | |a biografické příběhy |7 fd131953 |2 czenas | |
| 655 | 7 | |a publikace pro děti |7 fd133156 |2 czenas | |
| 655 | 9 | |a English stories |2 eczenas | |
| 655 | 9 | |a biographical stories |2 eczenas | |
| 655 | 9 | |a children's literature |2 eczenas | |
| 700 | 1 | |a Kubík, Zdeněk, |d 1976- |7 hka2015886846 |4 trl | |
| 710 | 2 | |a CPress (nakladatelství) |7 ko2016932359 |4 pbl | |
| 765 | 1 | |t Greatest football stars | |
| 787 | 0 | 8 | |i Z cyklu: |t Největší fotbalové hvězdy |
| 900 | |a ABA001 |b 20 | ||
| 928 | 9 | |a Albatros Media - CPress | |
| 044 | |a xr | ||
| 910 | |a RBIT002 | ||
| 998 | |d 425815 |a https://core.palmknihy.cz/api/books/425815/cover?tc9psq |b https://core.palmknihy.cz/api/books/425815/cover/400?tc9psq |c https://core.palmknihy.cz/api/books/425815/cover/50?tc9psq |e 2031-08-18 |g 128 |i 9788026459330 |j https://core.palmknihy.cz/api/books/425815/preview.epub |k https://core.palmknihy.cz/api/books/425815/preview.pdf |l |q 49 |r 1 |s https://www.palmknihy.cz/kniha/425815 |t ebook |y 2026 |z 0 | ||
| 999 | |d 312934 | ||